Jurídica : Anuario de la Escuela de Derecho de la Universidad Iberoamericana : tomo II, número 2, julio 1970 /

Salvato in:
Dettagli Bibliografici
Altri autori: Borja Martínez, Manuel (dirección) (dirección)
Natura: Libro
Lingua:spagnolo
Pubblicazione: México : Universidad Iberoamericana, Departamento de Derecho, 1970, c1969
Tags: Aggiungi Tag
Nessun Tag, puoi essere il primo ad aggiungerne!!

MARC

LEADER 00000nam^a2200000^a^4500
001 000573326
005 20250521000000.0
009 20260310132327.181
037 |a Acervo ITESO - Biblioteca 
041 |a ESP 
091 |a FGM. 04841 
245 0 0 |a Jurídica :  |b Anuario de la Escuela de Derecho de la Universidad Iberoamericana : tomo II, número 2, julio 1970 / 
264 4 |a México :  |b Universidad Iberoamericana, Departamento de Derecho,  |c 1970, c1969 
300 |a VIII, 436 p. 
336 |a texto  |b txt  |2 rdacontenido 
337 |a sin mediación  |b n  |2 rdamedio 
338 |a volumen  |b nc  |2 rdasoporte 
649 |a XX 
700 |a Borja Martínez, Manuel  |e (dirección) 
910 |a Fondo Efraín González Morfín 
920 |a Impresos - Libros 
930 |a Fondos Especiales 
905 |a 130 
901 |a 0500386355  |b IT2  |c ESL  |i D93964  |u 20250521 
902 |a https://opac.biblio.iteso.mx/vufind/Record/000573326